Former Watford players now in the Premier League - Statistics

General Stats
  • This quiz has been taken 14 times
  • The average score is 6 of 9
Answer Stats
Current Club Answer Year left Watford % Correct
Chelsea Joao Pedro 2023
83%
Tottenham Richarlison 2018
83%
Crystal Palace Ismaila Sarr 2023
75%
Crystal Palace Will Hughes 2021
75%
Nottingham Forest Emmanuel Dennis 2024
58%
Man City Nathan Ake 2016
58%
* Sunderland Luke O'Nien 2015
50%
Brighton Danny Welbeck 2020
33%
Everton James Garner 2021
33%
No matching quizzes found
Score Distribution
Percent of People with Each Score
Percentile by Number Answered
Your Score History
You have not taken this quiz